00357nam a2200121 a 4500008004100000050001900041100002900060245005300089246004100142260002900183300001400212350000900226120416s1959 ||||||||||||||||| || u aPR 4750. U8H37 aHardy, Thomas, 1840-192810aUnder the greenwood tree, or The Mellstock quire aa rural painting of the Dutch school aLondonbMacMillianc1959 a280 pages a0.00